20 Hidden Oscar Winning Film-Stars. - Statistics

General Stats
  • This quiz has been taken 23 times
  • The average score is 13 of 20
Answer Stats
Hint Film Star % Correct
3) (F) Kabul locksmiths have found that locks on minarets rusted quickly. Sandra Bullock
100%
6) (M) 'Mon Rouge Claret' produced in South-East Woodville, France. Clint Eastwood
94%
1 ) (M) The money lost by the club ran double the amount staked. Marlon Brando
94%
5) (F) Lazy employees do attempt to kid managers that they are hard working. Nicole Kidman
94%
4) (M) Trump refused to take part in the pathetic row excluding Democrats. Russell Crowe
88%
2) (M) The trees to be planted include oak, aspen, and fir, though no birch. Colin Firth
82%
11) (F) Milan drew seven of their first fifteen games in season 2014. Julie Andrews
76%
13) (M) The crash occurred when the driver of the BMW hit a kerb at great speed. Forest Whitaker
71%
10) (M) The Jurassic age was a golden age for the large herbivorous dinosaurs. Nicholas Cage
71%
15) (M) This winter the place to be seen skiing is Aspen not Banff as previously. Sean Penn
71%
12) (M) MGM had an agent from Milan cast Eric Smith as Julius Caesar. Burt Lancaster
65%
17) (M) The true number of whales captured may never be known. Eddie Redmayne
65%
7) (F) Unlike Greek farmers, Cyprus tree planters prefer olives to oranges. Meryl Streep
65%
14) (F) The film industry cannot recover from this fiasco till ardent people are involved. Marion Cotillard
59%
16) (F) In Shakespeare's Macbeth both Malcolm and Macbeth play important parts. Olivia Colman
59%
8) (M) There is an interesting theory regarding the stone walls of Yorkshire. Charlton Heston
53%
18) (F) Unlike Australia, England has a first one past the post voting system. Emma Stone
47%
9) (F) We won't know the result of the match until the very end. Helen Hunt
41%
20) (M) When they called the match off Manchester United were leading 2- 0. Philip S. Hoffman
41%
19) (M) Many hidden iron age tools only came to light after digging began. Robert De Niro
12%
No matching quizzes found
Score Distribution
Percent of People with Each Score
Percentile by Number Answered
Your Score History
You have not taken this quiz